000 00654nam a22002297a 4500
005 20170124110100.0
010 _aA-607384
020 _c00.00
035 _aA-607384
037 _bCen Lib/Ret
040 _aDPL
_bEN
082 _a615.321
_bKHA
100 _aKhanna, Girija .
_927069
245 _aAll about herbal remedies /
_cby Girija Khanna
260 _aNew Delhi
_bVikas publishing house
_c1982
270 _bNew Delhi
_a576, Masjid road jangpura
_e110014
300 _a157p.
_c16cm(Hb)
650 _aHealth science
_916285
650 _aHerbal remedies
_927070
700 _926905
942 _2ddc
_cEN
_h615.321
_mKHA
999 _c129666
_d129666